Altun Ha : A Guidebook to the Ancient Maya Ruins /

Сохранить в:
Библиографические подробности
Главный автор: Pendergast, David M. (texto)
Формат:
Язык:английский
Опубликовано: Belice : Government of British Honduras, 1969, c1969
Метки: Добавить метку
Нет меток, Требуется 1-ая метка записи!

MARC

LEADER 00000nam^a2200000^a^4500
001 000556445
005 20250526000000.0
009 20260310131740.354
037 |a Acervo ITESO - Biblioteca 
041 |a ING 
091 |a FHA. 01380 
100 |a Pendergast, David M.  |e (texto) 
245 1 0 |a Altun Ha :  |b A Guidebook to the Ancient Maya Ruins / 
264 4 |a Belice :  |b Government of British Honduras,  |c 1969, c1969 
300 |a 48 p. ;  |c 19.5 cm. 
336 |a texto  |b txt  |2 rdacontenido 
337 |a sin mediación  |b n  |2 rdamedio 
338 |a volumen  |b nc  |2 rdasoporte 
515 |a Inventario familia Hartung: 1717 
649 |a XX 
910 |a Fondo Horst Hartung Franz 
920 |a Impresos - Libros 
930 |a Libros Antiguos y Raros 
905 |a 135 
901 |a 0500330741  |b IT2  |c LRA  |i D  |u 20250526 
902 |a https://opac.biblio.iteso.mx/vufind/Record/000556445